000 00557nam a2200229Ia 4500
003 OSt
005 20220926045213.0
006 a|||||r|||| 00| 0
007 ta
008 220923b |||||||| |||| 00| 0 eng d
037 _cGeneral Book
040 _aRTL
_cRTL
_beng
041 _2eng
_aeng
082 _aX71.21.N72, GD
110 _aTamilnadu, (Govt. of-)
245 0 _aBudjet.
260 _c1973
300 _a824p.
_ccm.
700 _aTamilnadu, (Govt. of-)
942 _hX71.21.N72, GD
_cGB
_2CC
999 _c676947
_d676947